Príprava a štúdium fyzikálno-chemických a biologických vlastností tiofénkarboxylátomeďnatých komplexov

Guardado en:
Detalles Bibliográficos
Autor principal: Kuchtanin, Vladimír
Formato: Software Libro
Lenguaje:eslovaco
Publicado: Bratislava STU FCHPT 2012
Acceso en línea:Ver en el OPAC
Etiquetas: Agregar Etiqueta
Sin Etiquetas, Sea el primero en etiquetar este registro!

MARC

LEADER 00000nam a2200000 a 4500
005 20260127133940.0
007 co ugu
008 120709 2012 xo 000 0 slo d
035 |a vtls010434401 
039 9 |y 201207090928  |z mschk03 
040 |a STUSCHK1  |b slo  |c STUSCHK1  |e AACR2 
100 1 |a Kuchtanin, Vladimír 
245 1 |a Príprava a štúdium fyzikálno-chemických a biologických vlastností tiofénkarboxylátomeďnatých komplexov  |c Vladimír Kuchtanin 
260 |a Bratislava  |b STU FCHPT  |c 2012 
300 |a 1 elektronický disk 
500 |a Obháj.: 4.6. 2012 
500 |a Študijný program: technická chémia 
500 |a Kombinácia študijných odborov: 4.1.14 chémia, 5.2.18 chemické technológie 
500 |a Miesto vypracovania: Oddelenie anorganickej chémie, FCHPT STU 
500 |a Evidenčné číslo: FCHPT-5459-40275 
500 |a Diplomová práca na CD-ROMe 
910 |a SCHK95 
999 |c 676  |d 676